| 000 | 00674nam a2200229 4500 | ||
|---|---|---|---|
| 001 | 114255 | ||
| 003 | DR-UNIBE | ||
| 005 | 20260113140352.0 | ||
| 008 | 251202b2020 dr ||||| |||| 00| 0 spa d | ||
| 040 |
_aBIBLIOTECA UNIBE _cBIBLIOTECA UNIBE _erda |
||
| 041 | _aspa | ||
| 082 | _aF-RD 6026 | ||
| 245 | 1 | 3 |
_aLa fianza : _bun derecho constitucional que debe conocer |
| 260 |
_aSanto Domingo : _bOficina de Prensa y Comunicaciones _c2020 |
||
| 300 | _a11 páginas | ||
| 650 |
_aRiesgos (Seguros) _9106780 |
||
| 650 |
_aFianzas _9106281 |
||
| 650 |
_aSeguros de fianzas _9106727 |
||
| 650 |
_aPólizas de seguros _974640 |
||
| 650 |
_aReaseguros _9106787 |
||
| 942 |
_2ddc _cMX |
||
| 999 |
_c114255 _d114255 |
||